000
00249nam a2200097Ia 4500
008
240331s9999 xx 000 0 und d
082
_b
IDE
100
_a
Thiruchandran,S
245
4
_a
The Ideological factori :
_b
n the subordination of women
942
_c
L
999
_c
4516
_d
4516